LEADER 01278nam a2200301 u 4500 001 000000013224 003 CaOOAMICUS 005 20070226105629.0 008 941210s1978 it u000 u ita u 035 $a10317123 040 $aPUL(R)$bita 041 1 $aita$hger 100 1 $aStadelmann, Rudolf,$d1902-1949.$0(OLS)http://pul/name/12485 240 10$aVom Geist des ausgehenden Mittelalters.$lItaliano.$0(OLS)http://pul/title/19093 245 13$aIl declino del Medioevo :$buna crisi di valori /$cRudolf Stadelmann. 260 $aBologna :$bIl Mulino,$cc1978. 300 $a378 p. ;$c22 cm 490 1 $aCollezione di testi e di studi.$aStoriografia 500 $aIntroduzione all'edizione italiana di Ovidio Capitani. 504 $aBibliografia: p. [363]-373. 650 4$aMedioevo.$0(OLS)http://pul/subject/9226 830 0$aCollezione di testi e di studi.$pStoriografia.$0(OLS)http://pul/title/860 850 $aPUL 852 $aPUL$W1$xSL Filosofia 1$y2$m106 F 49$j18652$nBK-PRI$b $qStampati$B18652$CPULBib$Z2$F18652 $H $81 941 1 $a8 961 $aINV: 49049 996 $6245$aIl declino del Medioevo :$buna crisi di valori$9(OLS)http://pul/title/19094 996 $6260$aBologna :$bIl Mulino$9(OLS)http://pul/publisher/47928 LEADER 01602nam a2200325 a 4500 001 000000171777 003 CaOOAMICUS 005 20190412103036.0 008 190412s2019 it 001 u ita r 020 $a978-88-3379-059-6* 032 $aLibriCat 040 $aPUL$bita 082 04$a325.45 245 03$aIl decreto Salvini : $bimmigrazione e sicurezza. Commento al d. l. 4 ottobre 2018, n. 113, conv. con mod. in legge 1 dicembre 2018, n. 132 /$ca cura di Francesca Curi. 260 $aOspedaletto (Pisa) :$bPacini Giuridica,$c©2019. 300 $aXXI, 358 p. ;$c24 cm 490 1 $aNuove leggi nuovo diritto ;$a7 504 $aBibliografia in nota a pič pagina. 650 4$aSicurezza pubblica$xLegislazione.$0(OLS)http://pul/subject/37719 650 4$aImmigrazione$xLegislazione$zItalia.$0(OLS)http://pul/subject/45925 700 1 $aCuri, Francesca.$0(OLS)http://pul/name/110295 830 0$aNuove leggi nuovo diritto ;$v7.$0(OLS)http://pul/title/212618 850 $aPUL 852 $aPUL$W1$xSL Diritto e Scienze Sociali 3$y79$m325. 45 CURFR 1$j195585$qDDC 21$B200460$CPULBib$Z2$F200460 $H132552 $82 941 1 $a9 996 $6020$a978-88-3379-059-6*$9(OLS)http://pul/number/165968 996 $6082$a325.45$9(OLS)http://pul/classification/2447 996 $6245$aIl decreto Salvini : $bimmigrazione e sicurezza. Commento al d. l. 4 ottobre 2018, n. 113, conv. con mod. in legge 1 dicembre 2018, n. 132$9(OLS)http://pul/title/212617 996 $6260$aOspedaletto (Pisa) :$bPacini Giuridica$9(OLS)http://pul/publisher/86747